000 00299nam a2200133Ia 4500
100 _aMicrosoft Corporation
942 _cBK
654 _aFox pro users guide ms dos
245 _aFox Pro Users guide Windows
260 _bMicrosoft
082 _a005.7565 'F P
546 _aENGLISH
999 _c25175
_d25175